Normal view
MARC view
- SAD STORY.ENGLISH NOVEL
Entry Topical Term
001 - CONTROL NUMBER
- control field: 62861
003 - CONTROL NUMBER IDENTIFIER
- control field: NUST
005 - DATE AND TIME OF LATEST TRANSACTION
- control field: 20210628203019.0
008 - FIXED-LENGTH DATA ELEMENTS
- fixed length control field: 210628|| aca||aabn | a|a d
040 ## - CATALOGING SOURCE
- Original cataloging agency: NUST
- Transcribing agency: NUST
150 ## - HEADING--TOPICAL TERM
- Topical term or geographic name entry element: SAD STORY.ENGLISH NOVEL
670 ## - SOURCE DATA FOUND
- Source citation: Work cat.: (NUST): Roy. Arundhati 12936, The god of small things, 2002
